01538nab a2200385 a 450000100060000000300080000600500170001400600190003100700150005000800410006502200260010603500210013204000260015305000230017908000180020210000310022022200320025124501420028326000570042530000100048236200400049253301640053254600560069665000290075265000420078165000220082365000430084565000320088865000340092065000520095465500320100671000190103874000330105785600620109059281FlNmELB20241216233059.0m o d | cr cn|||||||||200702r20012006mx |||||s|||||||||||spa d a1665-8906z16658-9062 a(OCoLC)955379085 aFlNmELBbspacFlNmELB 4aHC125bM386 2001eb a314.74:339.921 aMartínez Pizarro, Jorge. 0aMigraciones Internacionales10aReflexiones sobre la gobernabilidad de la migración internacional en América Latinah[recurso electronico]cJorge Martínez Pizarro. a[Tijuana] :bRed Migraciones Internacionales,c2001. a21 p.0 aVol. 1, Núm. 1 (Julio-Dic. 2001)- aRecurso electrónico. Santa Fe, Arg.: e-libro, 2015. Disponible vía World Wide Web. El acceso puede estar limitado para las bibliotecas afiliadas a e-libro. aArtículos en castellano; resúmenes en inglés. 4aMigración de personas. 4aMovimiento internacional de personas. 4aAmérica Latina. 4aSistemas económicos internacionales. 0aEmigration and immigration. 0aGlobalizationzLatin America. 0aGlobalizationxEconomic aspectszLatin America. 4aArtículos electrónicos.2 ae-libro, Corp.02aMigraciones Internacionales.40uhttps://elibro.net/ereader/politecnicointernacional/24022